| 000 | 01548nam a2200421 a 4500 | ||
|---|---|---|---|
| 001 | 001437768 | ||
| 003 | PE-LiUPU | ||
| 005 | 20250731173604.0 | ||
| 007 | ta | ||
| 008 | 180425s2017 ag a gr 001 0 spa | ||
| 020 | _a9789877016925 | ||
| 040 |
_aAR-BaBN _bspa _cPE-LiUPU _erda _dPE-LiUPU |
||
| 082 |
_223 _a242.62 _bR696p |
||
| 100 |
_aRodríguez Carrillo, Miriam, _eautor. _95242 |
||
| 245 | 1 | 0 |
_aPequeñas sonrisas / _cMiriam Rodríguez Carrillo. |
| 250 | _aPrimera edición. | ||
| 264 |
_aFlorida Oeste : _bAsociación Casa Editora Sudamericana, _c2017. |
||
| 300 |
_a186 páginas : _bilustraciones ; _c17 x 21 cm. |
||
| 500 | _aIlustración: Enrique Torres Zintzun. | ||
| 520 | _a(Las lecturas devocionales de este libro permitirán, a los más pequeños del hogar, jugar y aprender las grandes verdades que Dios quiere compartir con nosotros mediante su palabra, la Santa Biblia. Cada día podrán cultivar, en familia, una relación feliz e incomparable con el Padre celestial.) | ||
| 526 | _aSEG42 | ||
| 526 | _aSEG41 | ||
| 526 | _aSEG40 | ||
| 526 | _aSEG39 | ||
| 526 | _aP94 | ||
| 526 | _aP87 | ||
| 526 | _aP86 | ||
| 526 | _aP85 | ||
| 526 | _aP77 | ||
| 526 | _aP76 | ||
| 526 | _aP35 | ||
| 650 | 1 | 0 |
_aLiteratura devocional infantil. _95243 |
| 650 | 2 | 4 |
_aNiños _xLiteratura devocional. |
| 650 | 2 | 4 | _aEducación cristiana |
| 700 | 1 |
_aTorres Zintzun, Enrique _eilustrador. |
|
| 942 |
_2ddc _cBK _n0 |
||
| 999 |
_c62911 _d62910 |
||
| 980 |
_618226 _aJaime Vilcazán Jefe de Análisis Documental _81 _gALBERTO SANCHEZ Responsable de Automatización |
||